Normal view
MARC view
Entry Topical Term
001 - CONTROL NUMBER
- control field: 33401
003 - CONTROL NUMBER IDENTIFIER
- control field: ARRUPE
005 - DATE AND TIME OF LATEST TRANSACTION
- control field: 20170719113659.0
008 - FIXED-LENGTH DATA ELEMENTS
- fixed length control field: 170719|| aca||aabn | a|a d
040 ## - CATALOGING SOURCE
- Original cataloging agency: ARRUPE
- Transcribing agency: ARRUPE
150 ## - HEADING--TOPICAL TERM
- Topical term or geographic name as entry element: Philosophy, Modern
- General subdivision: 20th century
- General subdivision: Thomists
- General subdivision: Teleology
670 ## - SOURCE DATA FOUND
- Source citation: Work cat.: (ARRUPE)2383: MacIntyre, Alasdair C. 18768, First principles, final ends, and contemporary philosophical issues /, 1990.